Perth Train Stations - Statistics

General Stats
  • This quiz has been taken 185 times
    103 since last reset
  • The average score is 46 of 81
Answer Stats
Line Answer % Correct
City Precinct Perth
97%
Mandurah Line Mandurah
88%
Fremantle Line Fremantle
87%
Armadale Line Armadale
84%
Midland Line Midland
81%
Yanchep Line Yanchep
81%
Thornlie-Cockburn Link Thornlie
80%
Mandurah Line Cockburn Central
75%
Yanchep Line Leederville
75%
Fremantle Line Subiaco
74%
Mandurah Line Elizabeth Quay
72%
Fremantle Line North Fremantle
72%
Armadale Line Cannington
71%
Fremantle Line Claremont
71%
Midland Line East Perth
71%
Fremantle Line Cottesloe
70%
Yanchep Line Joondalup
70%
Midland Line Bayswater
67%
City Precinct McIver
67%
Mandurah Line Rockingham
67%
City Precinct Claisebrook
65%
Mandurah Line Murdoch
65%
City Precinct Perth Underground
65%
Armadale Line Burswood
64%
Fremantle Line City West
64%
Armadale Line Victoria Park
64%
Mandurah Line Bull Creek
62%
Yanchep Line Butler
62%
Mandurah Line Kwinana
62%
Fremantle Line West Leederville
62%
Midland Line Guildford
61%
Airport Line High Wycombe
61%
Fremantle Line Showgrounds
61%
Armadale Line Gosnells
59%
Yanchep Line Stirling
59%
Yanchep Line Alkimos
58%
Midland Line Bassendean
58%
Mandurah Line Canning Bridge
58%
Airport Line Redcliffe
58%
Fremantle Line Mosman Park
57%
Midland Line Mount Lawley
57%
Airport Line Airport Central
55%
Yanchep Line Glendalough
55%
Fremantle Line Karrakatta
55%
Fremantle Line Shenton Park
55%
Mandurah Line Aubin Grove
54%
Yanchep Line Clarkson
54%
Armadale Line Beckenham
52%
Fremantle Line Daglish
52%
Mandurah Line Lakelands
52%
Yanchep Line Warwick
52%
Yanchep Line Whitfords
52%
Midland Line East Guildford
51%
Mandurah Line Wellard
51%
Yanchep Line Eglinton
49%
Midland Line Maylands
49%
Fremantle Line Victoria Street
49%
Yanchep Line Edgewater
48%
Yanchep Line Currambine
46%
Fremantle Line Grant Street
46%
Yanchep Line Greenwood
46%
Armadale Line Kenwick
46%
Armadale Line Oats Street
46%
Mandurah Line Warnbro
46%
Armadale Line Maddington
45%
Armadale Line Stadium
45%
Armadale Line Kelmscott
43%
Fremantle Line Loch Street
43%
Midland Line Ashfield
41%
Armadale Line Carlisle
41%
Thornlie-Cockburn Link Nicholson Road
41%
Thornlie-Cockburn Link Ranford Road
41%
Fremantle Line Swanbourne
41%
Midland Line Meltham
39%
Midland Line Woodbridge
38%
Armadale Line Challis
36%
Armadale Line Seaforth
36%
Midland Line Success Hill
36%
Armadale Line Queens Park
35%
Armadale Line Sherwood
28%
Armadale Line Welshpool
26%
No matching quizzes found
Score Distribution
Percent of People with Each Score
Percentile by Number Answered
Your Score History
You have not taken this quiz since the last reset